Les petits groupes : participation et communication /

Bibliographic Details
Main Author: St-Arnaud, Yves, 1938-
Format: Book
Language:French
Published: Montreal, Quebec : Presses de l'Universite de Montreal : Editions de CIM, 1978.
Subjects:

MARC

Tag First Indicator Second Indicator Subfields
LEADER 00000cam a2200000 a 4500
001 in00000077810
005 20151008053846.0
008 810109s1978 quca b 00010 frem
010 |a  80514662  
015 |a C*** 
020 |a 0840503822 :  |c $14.25 
035 |a (OCoLC)04433035 
035 |9 AAH8876AM 
040 |a DLC  |c DLC  |d TXA  |d UtOrBLW 
049 |a TXAM  |c [800336] 
050 0 0 |a HM133  |b .S24 
082 0 |a 302.3/4  |2 19 
100 1 |a St-Arnaud, Yves,  |d 1938- 
245 1 4 |a Les petits groupes :  |b participation et communication /  |c par Yves St-Arnaud. 
264 1 |a Montreal, Quebec :  |b Presses de l'Universite de Montreal :  |b Editions de CIM,  |c 1978. 
300 |a 176 pages :  |b illustrations ;  |c 25 cm. 
336 |a text  |b txt  |2 rdacontent 
337 |a unmediated  |b n  |2 rdamedia 
338 |a volume  |b nc  |2 rdacarrier 
504 |a Includes bibliographical references. 
650 0 |a Small groups. 
999 |a MARS 
999 f f |s 997ddd2d-2f37-314d-91b8-dace3cd15caf  |i bb160870-b854-328e-b748-2e74b6a4745a  |t 0 
952 f f |p ric  |a Texas A&M University  |b Rellis Campus  |c Joint Library Facility  |d Remote Storage  |t 0  |e HM133 .S24  |h Library of Congress classification  |i unmediated -- volume  |m A14806139414 
998 f f |a HM133 .S24  |t 0  |l Remote Storage